Γεωμορφολογία : εφαρμογές στις γεωεπιστήμες

Αποθηκεύτηκε σε:
Λεπτομέρειες βιβλιογραφικής εγγραφής
Κύριος συγγραφέας: Παυλόπουλος, Κοσμάς Π.
Μορφή: Βιβλίο
Γλώσσα:Greek
Δημοσίευση: Αθήνα : Ίων, 2011
Θέματα:
Ετικέτες: Προσθήκη ετικέτας
Δεν υπάρχουν, Καταχωρήστε ετικέτα πρώτοι!

MARC

LEADER 00000nam a2200000 i 4500
001 1/39455
008 131218s2011 gre d
020 |a 978-960-508-015-0 
035 |l 10116205 
040 |a GR-MY-UA  |b gre  |e aacr 
041 0 |a gre 
082 0 |a 551.41  |2 (22) 
100 1 |a Παυλόπουλος, Κοσμάς Π. 
245 1 0 |a Γεωμορφολογία :  |b εφαρμογές στις γεωεπιστήμες /  |c Κοσμάς Π. Παυλόπουλος 
260 |a Αθήνα :   |b Ίων,   |c 2011 
300 |a 781 σ.;  |c 24 εκ. 
504 |a Περιλαμβάνει βιβλιογραφία και ευρετήριο 
650 0 0 |a Geomorphology. 
650 0 0 |a Geomorphology  |z Greece. 
650 0 0 |a Geology  |z Greece. 
852 |a INST  |b LESVOS  |c EUDOXUS  |e 20131218  |h 551.41 ΠΑΥ  |p 005100052790  |q 005100052790  |t EDX  |y 0 
852 |a INST  |b LESVOS  |c EUDOXUS  |e 20141104  |h 551.41 ΠΑΥ  |p 005100054991  |q 005100054991  |t EDX  |y 0 
901 |a BIBL1-2013-3 
901 |a BIBL1-2014-3 
909 |a Λ  |b 186256 
909 |a Λ  |b 191004 
920 |a ΕΥΔΟΞΟΣ  |b ΕΠΙΣΤΡΟΦΗ  |y ΛΕΣΒΟΣ  |z 2013-04 
920 |a ΕΥΔΟΞΟΣ  |b ΕΠΙΣΤΡΟΦΗ  |y ΛΕΣΒΟΣ  |z 2014-04 
970 |z 2013/12/18